Fausto y Mefistófeles /
Saved in:
| 主要作者: | |
|---|---|
| 其他作者: | , |
| 格式: | 電子 電子書 |
| 語言: | 西班牙语 |
| 出版: |
Tres Cantos, Madrid, España :
Akal,
[2013]
|
| 叢編: | Para descubrir a los clásicos ;
25. |
| 主題: | |
| 在線閱讀: | Digitalia Hispánica |
| 標簽: |
添加標簽
沒有標簽, 成為第一個標記此記錄!
|
MARC
| LEADER | 00000nam a2200000 i 4500 | ||
|---|---|---|---|
| 001 | DIGAKAL0646 | ||
| 003 | NyNyDIG | ||
| 007 | cr ||||||||||| | ||
| 008 | 220616s2013 sp o 000 1 spa d | ||
| 006 | m o d | ||
| 035 | |a (OCoLC)1335136678 | ||
| 040 | |a DGITA |b eng |e rda |e pn |c DGITA | ||
| 020 | |a 9788446049234 |q eBook | ||
| 020 | |z 9788446037743 | ||
| 050 | 1 | 4 | |a PT2026.F2 ebook |
| 100 | 1 | |a Juárez, Jorge M., |d 1976- |e author. | |
| 245 | 1 | 0 | |a Fausto y Mefistófeles / |c Jorge M. Juárez ; ilustraciones de David Ouro. |
| 264 | 1 | |a Tres Cantos, Madrid, España : |b Akal, |c [2013] | |
| 300 | |a 1 online resource : |b color illustrations. | ||
| 336 | |a text |b txt |2 rdacontent | ||
| 337 | |a computer |b c |2 rdamedia | ||
| 338 | |a online resource |b cr |2 rdacarrier | ||
| 347 | |a text file |2 rdaft | ||
| 347 | |b PDF | ||
| 490 | 1 | |a Una lectura con juegos para descubrir a los clásicos | |
| 588 | 0 | |a Online resource; title from PDF title page (Digitalia, viewed June 16, 2022) | |
| 655 | 7 | |a Adaptations. |2 lcgft | |
| 655 | 7 | |a Fiction. |2 lcgft | |
| 655 | 0 | |a Electronic books. | |
| 700 | 1 | |a Ouro, David, |e illustrator. | |
| 700 | 1 | 2 | |i Adaptation of (expression): |a Goethe, Johann Wolfgang von, |d 1749-1832. |t Faust. |l Spanish |
| 791 | 2 | |a Digitalia (Firm), |e distributor. | |
| 793 | 0 | |g Digitalia eBook Collection: |a Akal | |
| 776 | 0 | 8 | |i Print version: |a Juárez, Jorge M., 1976- |t Fausto y Mefistófeles. |d Tres Cantos, Madrid, España : Akal, [2013] |z 9788446037743 |
| 830 | 0 | |a Para descubrir a los clásicos ; |v 25. | |
| 856 | 4 | 0 | |3 Digitalia Hispánica |u https://digitalia.unach.elogim.com/a/70732/ |
| 910 | |a Premium collection: 2022 | ||